000 00246nam a2200097Ia 4500
008 240331s9999 xx 000 0 und d
082 _bVAI
100 _aVaitheeswaran, K.
245 0 _aFamily - relationship :
_b guide for prosperous life
942 _cL
999 _c5844
_d5844